01803nam a2200433 a 4500001001200000003000800012006001900020007001500039008004100054010001700095020001500112020002200127020001800149020002700167040002100194035002100215043001200236050002600248082002100274100002000295245010500315260004700420300002300467490003100490504006400521533015200585650005000737650007200787650006800859650006300927650006100990651003901051651004901090655002901139700002601168710001701194830003201211856012601243ebr10479877CaPaEBRm u cr cn|||||||||021031s2005 enka sb 001 0 eng d z 2002152364 z0745318541 z0745318533 (pbk.) z9780745318547 z9781849641371 (e-book) aCaPaEBRcCaPaEBR a(OCoLC)244354066 ae-uk-ni14aDA995.L75bH39 2005eb04a941.6/2108242211 aHayes, Patrick.10aBloody Sundayh[electronic resource] :btrauma, pain and politics /cPatrick Hayes and Jim Campbell. aLondon ;aAnn Arbor :bPluto Press,c2005. axv, 206 p. :bill.1 aContemporary Irish studies aIncludes bibliographical references (p. 183-194) and index. aElectronic reproduction.bPalo Alto, Calif. :cebrary,d2013.nAvailable via World Wide Web.nAccess may be limited to ebrary affiliated libraries. 0aBloody Sunday, Derry, Northern Ireland, 1972. 0aPolitical violencezNorthern IrelandzDerryxHistoryy20th century. 0aDemonstrationszNorthern IrelandzDerryxHistoryy20th century. 0aMassacreszNorthern IrelandzDerryxHistoryy20th century. 0aPost-traumatic stress disorderzNorthern IrelandzDerry. 0aDerry (Northern Ireland)xHistory. 0aDerry (Northern Ireland)xSocial conditions. 7aElectronic books.2local1 aCampbell, Jim,d1956-2 aebrary, Inc. 0aContemporary Irish studies.40uhttp://site.ebrary.com/lib/rucke/Doc?id=10479877zAn electronic book accessible through the World Wide Web; click to view